000 00701nam a2200289Ia 4500
005 20260121124700.0
008 008 260114s9999 xx 000 0 eng d
020 _a9789815104400
037 _aEBOOK
040 _aCRL
040 _beng
040 _cCRL
041 _2eng
041 _aeng
084 _qCRL
100 _aChambers, Justine
_9980160
245 0 _aMyanmar in Crisis
260 _bWalter de Gruyter
260 _bWalter de Gruyter
260 _c2023
650 _aPolitical Science
_9980161
700 _a Dunford, Michael R.
_9980162
856 _uhttp://www.degruyter.com/isbn/9789815104400
942 _cEBOOK
999 _c1556406
_d1556406